<?xml version="1.0" encoding="UTF-8"?>
<record
    xmlns:xsi="http://www.w3.org/2001/XMLSchema-instance"
    xsi:schemaLocation="http://www.loc.gov/MARC21/slim http://www.loc.gov/standards/marcxml/schema/MARC21slim.xsd"
    xmlns="http://www.loc.gov/MARC21/slim">

  <leader>01887    a2200193   4500</leader>
  <controlfield tag="001">30937</controlfield>
  <controlfield tag="005">20260407155617.0</controlfield>
  <controlfield tag="008">260407a1953    arg                 spa d</controlfield>
  <controlfield tag="003">AR-UNSa-BCEJYS</controlfield>
  <datafield tag="040" ind1=" " ind2=" ">
    <subfield code="a">AR-UNSa-BCEJYS</subfield>
    <subfield code="b">spa</subfield>
    <subfield code="c">AR-UNSa-BCEJYS</subfield>
  </datafield>
  <datafield tag="080" ind1=" " ind2=" ">
    <subfield code="a">657.1</subfield>
    <subfield code="x">Tenedur&#xED;a de libros. Sistemas. Procedimientos (Operaciones bancarias)</subfield>
  </datafield>
  <datafield tag="245" ind1="1" ind2="0">
    <subfield code="a">Contabilidad banacaria</subfield>
  </datafield>
  <datafield tag="264" ind1=" " ind2="1">
    <subfield code="a">M&#xE9;xico :</subfield>
    <subfield code="b">Uni&#xF3;n Tipogr&#xE1;fica Editorial Hispano-Americana (UTEHA)</subfield>
    <subfield code="c">1953</subfield>
  </datafield>
  <datafield tag="300" ind1=" " ind2=" ">
    <subfield code="a">526 p.</subfield>
    <subfield code="c">24 cm.</subfield>
  </datafield>
  <datafield tag="505" ind1=" " ind2=" ">
    <subfield code="a">1. Introducci&#xF3;n - 2. Cuentas de mayor general - 3. Asientos de diario para el registro de documentos de cr&#xE9;dito - 4. asientos de diario para dinero y valores - 5. Pr&#xE9;stamos y descuentos - 6. Contabilidad para las partidas de efectivo y las partidas al cobro (Parte I) - 7. Contabilidad para las partidas de efectivo y las partidas al cobro (Parte II) - 8. Asientos de diario para registrar las operaciones de cambio extranjero - 9. Operaciones fiduciarias, cuenta de ahorro, utilidades y gastos - 10. Registros para el efectivo y las partidas de efectivo - 11. Registro para los documentos al cobro - 12. Registro para pr&#xE9;stamos y descuentos - 13. Contabilidad de bonos y valores - 14. Registros para operaciones de agencia fiscal - 15. Fideicomisos de sociedades - 16. Fideicomisos personales - 17. Registros para los fideicomisos personales - 18. Registros para las operaciones de cambio extranjero (Parte I): Cr&#xE9;ditos comerciales y cartas de cr&#xE9;dito - 19. Registros para las operaciones de cambio extranjero (Parte II): Descuentos extranjeros giros y transferencias y libros extranjeros - 20. Dep&#xF3;sitos a plazo - 21. Contabilidad - 22. Gastos y costos de los bancos - 23. Libros generales y estados financieros - 24. An&#xE1;lisis de datos financieros - 25. Auditor&#xED;a y examenes  </subfield>
  </datafield>
  <datafield tag="942" ind1=" " ind2=" ">
    <subfield code="c">BK</subfield>
  </datafield>
  <datafield tag="590" ind1=" " ind2=" ">
    <subfield code="a">niveau_biblio:m niveau_hierar:0</subfield>
  </datafield>
  <datafield tag="100" ind1="1" ind2=" ">
    <subfield code="a">Langston, L.H.</subfield>
  </datafield>
  <datafield tag="999" ind1=" " ind2=" ">
    <subfield code="c">2144</subfield>
    <subfield code="d">2144</subfield>
  </datafield>
  <datafield tag="952" ind1=" " ind2=" ">
    <subfield code="0">0</subfield>
    <subfield code="1">0</subfield>
    <subfield code="4">0</subfield>
    <subfield code="7">0</subfield>
    <subfield code="a">BCEJYS</subfield>
    <subfield code="b">BCEJYS</subfield>
    <subfield code="c">16</subfield>
    <subfield code="d">2026-04-07</subfield>
    <subfield code="l">0</subfield>
    <subfield code="o">657.1 L269</subfield>
    <subfield code="p">L20889</subfield>
    <subfield code="r">2026-04-07 15:56:18</subfield>
    <subfield code="w">2026-04-07</subfield>
    <subfield code="y">L</subfield>
  </datafield>
  <datafield tag="952" ind1=" " ind2=" ">
    <subfield code="0">0</subfield>
    <subfield code="1">0</subfield>
    <subfield code="4">0</subfield>
    <subfield code="7">0</subfield>
    <subfield code="a">BCEJYS</subfield>
    <subfield code="b">BCEJYS</subfield>
    <subfield code="c">16</subfield>
    <subfield code="d">2026-04-07</subfield>
    <subfield code="l">0</subfield>
    <subfield code="o">657.1 L269</subfield>
    <subfield code="p">L23355</subfield>
    <subfield code="r">2026-04-07 15:56:18</subfield>
    <subfield code="w">2026-04-07</subfield>
    <subfield code="y">L</subfield>
  </datafield>
</record>
